000 00851nam a2200253Ia 4500
003 OSt
005 20220930090525.0
006 a|||||r|||| 00| 0
007 ta
008 220926b |||||||| |||| 00| 0 eng d
024 _a117561
037 _cTheses
040 _aCRL
_cCRL
_beng
041 _2eng
_aeng
100 _aKushwaha Khushbu
_9542810
110 _aUniversity of Delhi. Faculty of Scinece. Department of Chemistry
245 0 _aStudies on azaphenothiazone derived pharmacophores & synthesis of triazolyl erivatives of 2H-chromen-2-one & pyridine using click chemistry
260 _c2011
650 _aCHEMISTRY
700 _a Prof. S. C. Jain Gu.
_9533149
700 _aUniversity of Delhi. Faculty of Scinece. Department of Chemistry
942 _cDIS
_2CC
999 _c880695
_d880695